|
|
|
|
| LEADER |
00000nam a22000007a 4500 |
| 005 |
20210309210431.0 |
| 007 |
cr|||| |||| |
| 008 |
210309s2011 us |||||s|||| 00||0 eng d |
| 020 |
|
|
|a 978-1-118-07587-6
|
| 035 |
|
|
|a 32433
|
| 040 |
|
|
|a vLex
|
| 090 |
|
|
|c 11327
|d 11327
|
| 100 |
1 |
|
|a Bryer, Lanning G.
|
| 245 |
1 |
0 |
|a Intellectual Property Operations and Implementation in the 21st Century Corporation
|h [Recurso electrn̤ico] /
|c Lanning G. Bryer, Scott J. Lebson, Matthew D. Asbell
|
| 256 |
|
|
|a Servicio en ln̕ea
|
| 260 |
|
|
|a Hoboken:
|b Wiley,
|c 2011
|
| 300 |
|
|
|a 1 recurso electrn̤ico
|
| 500 |
|
|
|a A practical approach to corporate IP operations and implementation. Intellectual Property Operations and Implementation helps executives, attorneys, accountants, managers, and owners, understand the legal, technological, economic, and cultural changes that have affected corporate IP ownership and management. Page by page, it provides practical examples and advice from seasoned and enduring professionals who have adopted new and streamlined methods and practices whether as in-house or outside counsel, or service providers. Timely and relevant in view of the substantially global economic recession amidst rampant technological development and the resulting changes in law, practice, and culture. Examines the decision making processes, activities, and changes of significant corporate intellectual property owners in today's new economy. Important and timely, this book provides a global approach to corporate IP management.
|
| 506 |
1 |
|
|a Disponible solo en los productos indicados
|d vLex Global
|d vLex Global (Academic Edition, excluding Law Schools)
|d vLex Global (Academic Edition, Law Schools)
|
| 650 |
0 |
4 |
|a Propiedad Intelectual
|z Estados Unidos
|
| 700 |
1 |
|
|a Lebson, Scott J.
|
| 700 |
1 |
|
|a Asbell, Matthew D.
|
| 740 |
0 |
|
|a vLex Libros (Servicio en ln̕ea)
|
| 856 |
4 |
0 |
|u http://vlex.com/source/intellectual-property-operations-and-implementation-in-the-21st-century-corporation-32433
|z Acceso restringido
|
| 942 |
|
|
|c BOOK
|
| 999 |
0 |
|
|a Intellectual property
|